| 000 | 00689nam a22002057a 4500 | ||
|---|---|---|---|
| 003 | OSt | ||
| 005 | 20251118103507.0 | ||
| 008 | 251118b |||||||| |||| 00| 0 eng d | ||
| 020 | _a971-89-6634-X | ||
| 040 |
_aDWC-Main lib _cOC |
||
| 082 | _aFil. 658.4 C117 2006 | ||
| 100 | _aCabrera, M. E. | ||
| 245 |
_aManagement consultancy : _bprinciples and engagements _cCabrera, Ma. Elenita B. |
||
| 260 |
_aManila : _bGIC Enterprises & Co., _cc2006 |
||
| 300 |
_axx, 872 pages: _c23 cm. |
||
| 504 | _aIncludes bibliographical | ||
| 650 | _2Business consultants | ||
| 650 | _2Industries management | ||
| 942 |
_2ddc _cBK - FIL _hFil. 658.4 C117 2006 _kFil. _n0 |
||
| 999 |
_c5760 _d5760 |
||